000 00590cam a2200193 4500500
005 20260405003027.0
041 _afre
042 _adc
100 1 0 _aPortevin, Catherine
_eauthor
245 0 0 _aPendant que j’y pense / Février 2020
260 _c2020.
500 _a25
690 _aCatherine Portevin
690 _aFemmes
690 _aIsabelle Sorente
690 _aSorcières
786 0 _nPhilosophie magazine | 136 | 2 | 2020-02-01 | p. 39-39 | 1951-1787
856 4 1 _uhttps://shs.cairn.info/magazine-philosophie-magazine-2020-2-page-39?lang=fr&redirect-ssocas=7080
999 _c2063680
_d2063680